| Tag |
First Indicator |
Second Indicator |
Subfields |
| LEADER |
00000nam a2200000Ia 4500 |
| 001 |
in00004183321 |
| 005 |
20200807085230.0 |
| 006 |
m g d |
| 007 |
cr bn |||a|bb| |
| 008 |
121003s1628 enka o 000 0 lat d |
| 040 |
|
|
|a UMI
|c UMI
|e dcrb
|
| 035 |
|
|
|a (OCoLC)811766108
|
| 037 |
|
|
|a CL0036000089
|b ProQuest, 789 E. Eisenhower Parkway, Ann Arbor, MI 48108-3218
|
| 090 |
|
|
|a Q151
|b .S34 1628
|
| 049 |
|
|
|a UMIA
|
| 100 |
1 |
|
|a Scheibler, Christoph,
|d 1589-1653.
|
| 245 |
1 |
0 |
|a Philosophia Compendio[sa] seu philosoph[iae synopsis] :
|b exhibens [l]ogicae, metaphysi[cae] [p]hysicae geometria[e] [a]stronomiae opticae [e]thicae politicae et oeconomicae compendium methodic[um] addita est etiam Heizonis Busche[ri] arithmetica, in usum pedagogii gisseni. /
|c Autore Christophoro Scheiblero logicae ac metaphysicae professore and paedagogiarcha.
|
| 250 |
|
|
|a Editio quarta recognita.
|
| 260 |
|
|
|a Oxoniae, :
|b Excudebat Guilielmus Turner impensis, Thomae Huggins, and Henrici Curteine,
|c MDCXXVIII. [1628]
|
| 300 |
|
|
|a 1 online resource (48, 47-123, 134-150 pages :
|b illustrations.
|
| 336 |
|
|
|a text
|b txt
|2 rdacontent
|
| 337 |
|
|
|a computer
|b c
|2 rdamedia
|
| 338 |
|
|
|a online resource
|b cr
|2 rdacarrier
|
| 500 |
|
|
|a Ms. notes.
|
| 500 |
|
|
|a Headpieces; initial; printed marginalia.
|
| 500 |
|
|
|a Register continuous despite numerous errors in pagination.
|
| 500 |
|
|
|a Signatures: A-I⁸.
|
| 500 |
|
|
|a Imperfect: t.p. torn; tightly bound with some loss of text.
|
| 500 |
|
|
|a Reproduction of original in: Cambridge University Library.
|
| 510 |
4 |
|
|a STC (2nd edition),
|c 21814
|
| 510 |
4 |
|
|a ESTC,
|c S95061
|
| 533 |
|
|
|a Electronic reproduction.
|b Ann Arbor, Mich. :
|c UMI,
|d 1999-
|f (Early English books online)
|n Digital version of: (Early English books, 1475-1640 ; 2402:12)
|7 s1999 miun s
|
| 650 |
|
0 |
|a Science
|v Early works to 1800.
|
| 650 |
|
0 |
|a Arithmetic
|v Early works to 1800.
|
| 650 |
|
0 |
|a Philosophy
|v Early works to 1800.
|
| 700 |
1 |
|
|a Turner, William,
|d d. 1643,
|e printer.
|
| 700 |
1 |
|
|a Huggins, Thomas,
|d fl. 1609-1636,
|e bookseller.
|
| 700 |
1 |
|
|a Curteyne, Henry,
|d d. 1651,
|e bookseller.
|
| 700 |
1 |
|
|a Buscher, Heizo,
|d 1564-1598,
|e attributed name.
|
| 752 |
|
|
|a Great Britain
|b England
|d Oxford.
|
| 830 |
|
0 |
|a Early English books online.
|
| 856 |
4 |
0 |
|u http://proxy.library.tamu.edu/login?url=https://search.proquest.com/docview/2240895453
|z Connect to the full text of this electronic book
|t 0
|
| 994 |
|
|
|a 02
|b UMI
|
| 999 |
f |
f |
|s 19962e82-a5c0-39dd-9936-985f66502959
|i 8ba880ee-d7f6-3bbb-9d11-8598348f649d
|t 0
|
| 952 |
f |
f |
|a Texas A&M University
|b College Station
|c Electronic Resources
|d Available Online
|t 0
|e Q151 .S34 1628
|h Library of Congress classification
|
| 998 |
f |
f |
|a Q151 .S34 1628
|t 0
|l Available Online
|